00484nam a2200145Ia 4500008004100000082001600041082000800057245011300065245001400178260001400192300000900206942000800215999001900223952009600242231017s9999 xx 000 0 und d a388.1120994 bEME 0aEconomic Evaluation Road Investigation Proposals Valuation of Benefits of Roadside its Initiatives (AP-R216) 0cAustroads bAustroads c30cm cREP c604291d604291 00104070aNITbNITd2023-10-17l0o388.1120994 EMEpNIT-1151r2023-10-17w2023-10-17yREP